My Top Songs on Spotify (March 2023) Based on Total Spotify Streams - Statistics

General Stats
  • This quiz has been taken 5 times
  • The average score is 15 of 50
Answer Stats
Artist(s) Title Total Spotify Streams (04/03/2023) % Correct
Harry Styles As It Was 2.1B
100%
Miley Cyrus Flowers 821.5M
100%
SZA Kill Bill 744.9M
100%
Drake / 21 Savage Rich Flex 435.3M
100%
Steve Lacy Bad Habit 681.3M
75%
PinkPantheress / Ice Spice Boy's a liar Pt. 2 282.5M
75%
Metro Boomin / The Weeknd / 21 Savage Creepin' 532.9M
75%
The Weeknd Die For You 1.4B
75%
The Weeknd / Ariana Grande Die For You 217M
75%
The Weeknd / Ariana Grande Die For You 217M
75%
Doja Cat Freak -
50%
Ice Spice / Lil Tjay Gangsta Boo 27.3M
50%
JVKE golden hour 518.1M
50%
Ice Spice In Ha Mood 67.6M
50%
Ice Spice In Ha Mood 38.9M
50%
Lil Uzi Vert Just Wanna Rock 314.5M
50%
d4vd Romantic Homicide 510.3M
50%
SZA Shirt 238.4M
50%
Nicki Minaj Super Freaky Girl 371.4M
50%
Miguel Sure Thing 789.6M
50%
Morgan Wallen Wasted On You 374.3M
50%
SZA Broken Clocks -
25%
Lizzy McAlpine ceilings 151.7M
25%
SZA Low 177.9M
25%
Metro Boomin / Future / Chris Brown Superhero 254.9M
25%
Morgan Wallen Ain't That Some 30.3M
0%
Taylor Swift All Of The Girls You Loved Before 51.4M
0%
Rema / Selena Gomez Calm Down 583.6M
0%
Nicki Minaj Chun-Li -
0%
Megan Thee Stallion Cocky Af -
0%
Bad Bunny Efecto 910.5M
0%
Morgan Wallen Everything I Love 45.5M
0%
Morgan Wallen Last Night 152.9M
0%
Anuel AA / Mambo Kingz / DJ Luian Mas Rica Que Ayer 48.2M
0%
Morgan Wallen One Thing At A Time 77.4M
0%
Megan Thee Stallion Plan B -
0%
Nicki Minaj Red Ruby Da Sleeze 33.5M
0%
Miley Cyrus River 44.8M
0%
SZA Snooze 213.2M
0%
Drake / 21 Savage Spin Bout U 125.8M
0%
Nicki Minaj Starships 835M
0%
Doja Cat Streets 806.8M
0%
Morgan Wallen Thinkin' Bout Me 34.2M
0%
Morgan Wallen Thought You Should Know 144M
0%
KAROL G / Shakira TQG 260.3M
0%
Miley Cyrus Violet Chemistry -
0%
Lil Uzi Vert / sped up nightcore / ARIZONATEARS Watch This 89.2M
0%
BIA / Nicki Minaj WHOLE LOTTA MONEY 100.3M
0%
Doja Cat / Konshens Wine Pon You -
0%
Morgan Wallen You Proof 253.1M
0%
No matching quizzes found
Score Distribution
Percent of People with Each Score
Percentile by Number Answered
Your Score History
You have not taken this quiz